Online
Catalog

Santiagueses ilustres de la colonia / (Record no. 17257)

MARC details
000 -CABECERA
campo de control de longitud fija 01363nam a2200337 i 4500
001 - NÚMERO DE CONTROL
campo de control 000017732
003 - IDENTIFICADOR DEL NÚMERO DE CONTROL
campo de control DO-SdBNP
005 - FECHA Y HORA DE LA ÚLTIMA TRANSACCIÓN
campo de control 20260526093539.0
007 - CAMPO FIJO DE DESCRIPCIÓN FÍSICA--INFORMACIÓN GENERAL
campo de control de longitud fija ta
008 - DATOS DE LONGITUD FIJA--INFORMACIÓN GENERAL
campo de control de longitud fija 100331s1972 dr 000 0cspa d
040 ## - FUENTE DE LA CATALOGACIÓN
Centro catalogador/agencia de origen DO-SdBNP
Lengua de catalogación spa
Centro/agencia transcriptor BNPHU
Normas de descripción rda
041 ## - CÓDIGO DE LENGUA
Código de lengua del texto/banda sonora o título independiente spa
082 #4 - NÚMERO DE LA CLASIFICACIÓN DECIMAL DEWEY
Número de clasificación 920.729356
Número de documento/Ítem M149s 1972
Número de edición 22
100 1# - ENTRADA PRINCIPAL--NOMBRE DE PERSONA
Nombre de persona Machado Báez, Manuel A.,
Término indicativo de función/relación autor
Código de función/relación aut.
9 (RLIN) 38585
245 10 - MENCIÓN DE TÍTULO
Título Santiagueses ilustres de la colonia /
Mención de responsabilidad, etc. Manuel A. Machado Báez.
246 14 - FORMA VARIANTE DE TÍTULO
Título propio/Titulo breve Visión panorámica de las letras coloniales en Santiago 1518-1822
250 ## - MENCIÓN DE EDICIÓN
Mención de edición segunda edición corregida y aumentada.
264 #1 - PRODUCCIÓN, PUBLICACIÓN, DISTRIBUCIÓN, FABRICACIÓN Y COPYRIGHT
Producción, publicación, distribución, fabricación y copyright Santo Domingo, República Dominicana :
Nombre del de productor, editor, distribuidor, fabricante Ediciones Centurión,
Fecha de producción, publicación, distribución, fabricación o copyright 1972.
300 ## - DESCRIPCIÓN FÍSICA
Extensión 198 páginas ;
Dimensiones 23 cm.
336 ## - TIPO DE CONTENIDO
Término de tipo de contenido texto
Código de tipo de contenido txt
Fuente rdacontent
337 ## - TIPO DE MEDIO
Nombre/término del tipo de medio sin mediación
Código del tipo de medio n
Fuente rdamedia
338 ## - TIPO DE SOPORTE
Nombre/término del tipo de soporte volumen
Código del tipo de soporte nc
Fuente rdacarrier
500 ## - NOTA GENERAL
Nota general Incluye referencias bibliográficas y notas al pie de las páginas.
590 ## - NOTA LOCAL (RLIN)
Nota local Inventariado, 2020/VM
650 #4 - PUNTO DE ACCESO ADICIONAL DE MATERIA--TÉRMINO DE MATERIA
Término de materia o nombre geográfico como elemento de entrada Genealogía
Subdivisión geográfica Santiago De Los Caballeros (República Dominicana)
9 (RLIN) 38586
650 #4 - PUNTO DE ACCESO ADICIONAL DE MATERIA--TÉRMINO DE MATERIA
Término de materia o nombre geográfico como elemento de entrada Ciudades y pueblos
Subdivisión general Historia
Subdivisión geográfica República Dominicana
9 (RLIN) 12424
651 #4 - PUNTO DE ACCESO ADICIONAL DE MATERIA--NOMBRE GEOGRÁFICO
Nombre geográfico Santiago de los Caballeros (Republica Dominicana)
Subdivisión de forma Biografías
9 (RLIN) 8269
651 #4 - PUNTO DE ACCESO ADICIONAL DE MATERIA--NOMBRE GEOGRÁFICO
Nombre geográfico Santiago de los Caballeros (Republica Dominicana)
Subdivisión general Historia local
9 (RLIN) 8269
910 ## - DATOS DE OPCIÓN DEL USUARIO (OCLC)
Datos de opción del usuario Validado. Control de calidad EMS
942 ## - ELEMENTOS DE PUNTO DE ACCESO ADICIONAL (KOHA)
Fuente del sistema de clasificación o colocación Dewey Decimal Classification
Tipo de ítem Koha Libro
Holdings
Estado de retiro Estado de pérdida Fuente del sistema de clasificación o colocación Restricciones de uso No para préstamo Código de colección Localización permanente Ubicación/localización actual Ubicación en estantería Fecha de adquisición Fuente de adquisición Total de préstamos Signatura topográfica completa Código de barras Fecha visto por última vez Número de copia Precio válido a partir de Tipo de ítem Koha Nota pública
    Dewey Decimal Classification Préstamo en sala   Dominicana de Servicio Biblioteca Nacional Pedro Henríquez Ureña Biblioteca Nacional Pedro Henríquez Ureña Depósito 27.07.2011 Donación   BNPHU DS 920.729356 M149s 1972 17732-30 25.06.2020 e.3 25.06.2020 Libro Pertenecio a la biblioteca de Carlos Larrazabal Blanco.
    Dewey Decimal Classification Préstamo en sala   Dominicana de Servicio Biblioteca Nacional Pedro Henríquez Ureña Biblioteca Nacional Pedro Henríquez Ureña Depósito 27.07.2011 Donado por la Presidencia de la República Dominicana 2023.   BNPHU DS 920.729356 M149s 1972 17732-40 25.06.2020 e.4 25.06.2020 Libro Pertenecio a la biblioteca personal de Emilio Cordero Michel.
    Dewey Decimal Classification Excluido de préstamo   Patrimonio Dominicano Biblioteca Nacional Pedro Henríquez Ureña Biblioteca Nacional Pedro Henríquez Ureña Depósito 31.03.2010 Donación   BNPHU PD 920.729356 M149s 1972 17732-10 25.06.2020   25.06.2020 Libro Perteneció a la biblioteca personal de Carlos Larrabazal Blanco.
    Dewey Decimal Classification Excluido de préstamo   Patrimonio Dominicano Biblioteca Nacional Pedro Henríquez Ureña Biblioteca Nacional Pedro Henríquez Ureña Depósito 31.03.2010 Donado por el Colegio Nuestra Señora de Lourdes   BNPHU PD 920.729356 M149s 1972 17732-20 25.06.2020 e.2 25.06.2020 Libro  
    Dewey Decimal Classification Préstamo en sala   Dominicana de Servicio Biblioteca Nacional Pedro Henríquez Ureña Biblioteca Nacional Pedro Henríquez Ureña Depósito 31.01.2023 Donado por Educarte   BNPHU DS 920.729356 M149s 1972 2023-0471 31.01.2023 e.5 31.01.2023 Libro  

Powered by Koha